000 01300nam a2200241 i 4500
003 DO-SdBNP
005 20230427103656.0
006 a||||gr|||| 00| 0
007 ta
008 230427b |||ac||| |||| 00| edspa d
040 _aDO-SdBNP
_bspa
_cBNPHU
_erda
082 4 _222
_bD812E
245 1 0 _aDuarte:
_bun mensaje hecho vida./
_cRicardo Espaillat
264 3 0 _a[Santo Domingo] :
_bsin editorial,
_csin fecha
300 _a43 páginas :
_bIlustraciones;
_c20 cm.
336 _2rdaconten
_atexto
_btxt
337 _2rdamedia
_asin medición
_bn
338 _2rdacarrier
_avolumen
_bnc
504 _aBibliografía: páginas 42 - 44
505 _aDuarte: Un Mensaje Hecho Vida.
_gBiografía.--
_gDedicatoria.--
_gPrólogo.--
_tI. Nunca es demasiado temprano, y nunca es demasiado tarde para pensar en la Patria.--
_tII. Soñar para la Patria y tener fe en su Pueblo.--
_tIII. Compartir y educar.--
_tIV. La Palabra, la confianza y el vínculo social.--
_tVII. El sacrificio, la entrega y el desprendimiento por la Patria.--
_tVIII. El trabajo como honra e instrumento de desarrollo.--
_tIX. La honestidad en el manejo de los recursos del Estado.--
_tX. La humildad, la lealtad y el honor como valor del ciudadano.--
_tXII. El amor a Dios y a la Patria.--
590 _aInventariado 2023 / MF
942 _2ddc
_cLF2
999 _c53365
_d53365